Let's visit Spain / (Record no. 183362)

MARC details
000 -LEADER
fixed length control field 00917 am a2200313 4500
001 - CONTROL NUMBER
control field vtls000052165
003 - CONTROL NUMBER IDENTIFIER
control field PNM
005 - DATE AND TIME OF LATEST TRANSACTION
control field 20210412111704.0
008 - FIXED-LENGTH DATA ELEMENTS--GENERAL INFORMATION
fixed length control field 730108s1972 enka 00 eng
015 ## - NATIONAL BIBLIOGRAPHY NUMBER
National bibliography number B7301599
020 ## - INTERNATIONAL STANDARD BOOK NUMBER
Terms of availability £0.75(non-net)
International Standard Book Number 0222010258
040 ## - CATALOGING SOURCE
Original cataloging agency PPAK
Language of cataloging eng
Transcribing agency PPAK
Description conventions rda
050 00 - LIBRARY OF CONGRESS CALL NUMBER
Classification number DP48
082 04 - DEWEY DECIMAL CLASSIFICATION NUMBER
Classification number 914.6
Edition number 23
090 00 - LOCALLY ASSIGNED LC-TYPE CALL NUMBER (OCLC); LOCAL CALL NUMBER (RLIN)
Classification number (OCLC) (R) ; Classification number, CALL (RLIN) (NR) 914.6
Feature heading SET
Feature heading R
100 1# - MAIN ENTRY--PERSONAL NAME
Personal name Seth, Ronald
Relator term author.
245 10 - TITLE STATEMENT
Title Let's visit Spain /
Statement of responsibility, etc. [by] Ronald Seth
264 #1 - PRODUCTION, PUBLICATION, DISTRIBUTION, MANUFACTURE, AND COPYRIGHT NOTICE
Place of production, publication, distribution, manufacture London :
Name of producer, publisher, distributor, manufacturer Burke,
Date of production, publication, distribution, manufacture, or copyright notice 1972.
300 00 - PHYSICAL DESCRIPTION
Extent 95 pages :
Other physical details illustrations some colour ;
Dimensions 21 cm
336 ## - CONTENT TYPE
Source rdacontent
Content type term text
337 ## - MEDIA TYPE
Source rdamedia
Media type term unmediated
338 ## - CARRIER TYPE
Source rdacarrier
Carrier type term volume
504 ## - BIBLIOGRAPHY, ETC. NOTE
Bibliography, etc. note Index
511 00 - PARTICIPANT OR PERFORMER NOTE
Participant or performer note ISBN 0 222 69832 2 Library ed.: £1.00
651 10 - SUBJECT ADDED ENTRY--GEOGRAPHIC NAME
Geographic name Spain
General subdivision Social life and customs
-- Juvenile literature
942 ## - ADDED ENTRY ELEMENTS (KOHA)
Source of classification or shelving scheme Dewey Decimal Classification
Koha item type Book
949 ## - LOCAL PROCESSING INFORMATION (OCLC)
6 1000047386
s 6700:20110728
6 1000048320
s 6700:20110712
Holdings
Withdrawn Not for loan Current library Shelving location Date acquired Full call number Barcode Date last seen Koha item type
  Not For Loan Perpustakaan Kulim Rujukan Dewasa 12/04/2021 R 914.6 SET A00344836 12/04/2021 Book